00686nam a2200193Ia 4500952017900000999001700179003000400196005001700200008004100217020001800258040000900276082001800285100002800303245004400331260004300375300000900418650002300427942004200450 00102ddc40708SOCIAL PROBLEMS AND SERVICESaMESbMEScSOCIAL PROBLEMS AND SERVICESd2019-02-20g700.00l0o362.29 BHA/Dp35849r2019-02-20 00:00:00w2019-02-20yBKzGL40R2 c32625d32625OSt20201014095851.0190216s9999||||xx |||||||||||||| ||und|| a9788178796192 coclc a362.29bBHA/D aBhardwaj, Ramesh 95627 0aDrug Abuse In Sports /cRamesh Bhardwaj bSports Publication,c2011.aNew Delhi: a280p aPhysical Education cBK2ddch362.29iBHA/Dk362.29mBHA/D